[Event "Sydney Open 2014"]
[Site "Sydney AUS"]
[Date "2014.04.27"]
[Round "9.6"]
[White "Solomon, Stephen J."]
[Black "Roy Chowdhury, Saptarshi"]
[Result "0-1"]
[WhiteTitle "IM"]
[BlackTitle "GM"]
[WhiteElo "2369"]
[BlackElo "2491"]
[WhiteFideId "3200043"]
[BlackFideId "5002974"]
[EventDate "2014.04.23"]

1. e4 c5 2. Nf3 Nc6 3. d4 cxd4 4. Nxd4 e5 5. Nb5 d6 6. c4 Be7 7. Bd3 a6 8. N5c3
Bg5 9. Nd5 Bxc1 10. Qxc1 Nge7 11. Nbc3 O-O 12. O-O Be6 13. f4 exf4 14. Qxf4 Ne5
15. Rad1 Rc8 16. b3 Bxd5 17. exd5 b5 18. Qd4 Nxd3 19. Rxd3 bxc4 20. bxc4 Ng6 21.
Ne4 Ne5 22. Rc3 f5 23. Nd2 Qf6 24. c5 dxc5 25. Rxc5 Nf3+ 26. Nxf3 Qxd4+ 27. Nxd4
Rxc5 28. Ne6 Rxd5 29. Nxf8 Kxf8 30. g4 Kf7 31. gxf5 Rd2 32. Rb1 Rxa2 33. Rb6 a5
34. Ra6 a4 35. h3 a3 36. Kf1 Ke7 37. Kg1 Kd7 38. Kf1 Kc7 39. Ke1 Kb7 40. Ra4 Kc6
41. Kd1 Kd5 42. Kc1 Ke5 43. Rg4 Kf6 44. Rg3 Ra1+ 45. Kc2 a2 46. Kb2 Rf1 47. Kxa2
Rxf5 48. Kb2 Rc5 49. Kb3 g5 50. Kb4 Rc1 51. h4 h6 52. Rg2 Kf5 53. Rf2+ Kg4 54.
Rf6 Kxh4 55. Rxh6+ Kg3 56. Kb3 g4 57. Kb2 Rc8 58. Rg6 Kf3 59. Rf6+ Kg2 0-1

[Event "Sydney Open 2014"]
[Site "Sydney AUS"]
[Date "2014.04.27"]
[Round "9.7"]
[White "Izzat, Kanan"]
[Black "Bjelobrk, Igor"]
[Result "1-0"]
[WhiteTitle "FM"]
[BlackTitle "IM"]
[WhiteElo "2383"]
[BlackElo "2355"]
[WhiteFideId "13405209"]
[BlackFideId "4300726"]
[EventDate "2014.04.23"]

1. d4 d5 2. c4 c6 3. Nf3 Nf6 4. Nc3 dxc4 5. a4 Bf5 6. e3 e6 7. Bxc4 Bb4 8. O-O
O-O 9. Nh4 Nbd7 10. Nxf5 exf5 11. Qb3 Qb6 12. Bd2 c5 13. Rfd1 Qa5 14. Be1 g6 15.
f3 Rae8 16. Bg3 cxd4 17. exd4 Nb6 18. Bb5 Rd8 19. d5 Bxc3 20. bxc3 Nbxd5 21. c4
Qc3 22. Qxc3 Nxc3 23. Rxd8 Rxd8 24. Be5 Nxb5 25. Bxf6 Rd6 26. c5 Rxf6 27. axb5
Re6 28. Rxa7 Re5 29. Ra8+ Kg7 30. Rc8 b6 31. Kf2 f4 32. g3 g5 33. gxf4 gxf4 34.
h4 h5 35. cxb6 Rxb5 36. Rc6 Rb3 37. Ke2 Re3+ 38. Kd2 Rxf3 39. Rc3 Rf2+ 40. Kc1 1-0

[Event "Sydney Open 2014"]
[Site "Sydney AUS"]
[Date "2014.04.27"]
[Round "9.8"]
[White "Smirnov, Anton"]
[Black "Dale, Ari"]
[Result "1-0"]
[WhiteTitle "FM"]
[BlackTitle "IM"]
[WhiteElo "2344"]
[BlackElo "2310"]
[WhiteFideId "3208923"]
[BlackFideId "3213145"]
[EventDate "2014.04.23"]

1. d4 Nf6 2. c4 g6 3. Nc3 d5 4. cxd5 Nxd5 5. e4 Nxc3 6. bxc3 Bg7 7. Be3 c5 8.
Rc1 cxd4 9. cxd4 Qa5+ 10. Qd2 Qxd2+ 11. Bxd2 O-O 12. Nf3 e6 13. Bc4 Nc6 14. d5
exd5 15. Bxd5 Be6 16. Bxe6 fxe6 17. Ke2 Rfc8 18. Rc2 Nd4+ 19. Nxd4 Bxd4 20. Rhc1
Rf8 21. f3 Rad8 22. Bh6 Rf7 23. Rc8 Rd7 24. Rxd8+ Rxd8 25. Rc7 b5 26. f4 a5 27.
e5 b4 28. Rg7+ Kh8 29. Rb7 Kg8 30. Rg7+ Kh8 31. Rb7 Kg8 32. h3 Bc3 33. Rg7+ Kh8
34. Ra7 Kg8 35. Rg7+ Kh8 36. Ra7 Kg8 37. Kf3 Be1 38. Kg4 Rd2 39. Kg5 Rxg2+ 40.
Kf6 Bh4+ 41. Kxe6 Rd2 42. f5 Rd8 43. f6 Re8+ 44. Re7 Rxe7+ 45. Kxe7 1-0

[Event "Sydney Open 2014"]
[Site "Sydney AUS"]
[Date "2014.04.27"]
[Round "9.9"]
[White "Li, Zuhao Luke"]
[Black "Mungunkhuu, Mijgee"]
[Result "1/2-1/2"]
[WhiteTitle "FM"]
[WhiteElo "2326"]
[BlackElo "2215"]
[WhiteFideId "4303431"]
[BlackFideId "4900863"]
[EventDate "2014.04.23"]

1. d4 Nf6 2. c4 d6 3. Nf3 g6 4. Nc3 Bg7 5. e4 O-O 6. Be2 c6 7. O-O Nbd7 8. Be3
e5 9. d5 Qe7 10. Ne1 c5 11. Nd3 b6 12. Qd2 Ne8 13. Rac1 a6 14. a3 f5 15. exf5
gxf5 16. f4 e4 17. Nf2 Ndf6 18. h3 Bd7 19. g4 h6 20. b4 Kh8 21. g5 hxg5 22. fxg5
Nh7 23. h4 Be5 24. Nh3 Rg8 25. Bf4 Nhf6 26. Rf2 Qh7 27. Rh2 Ng4 28. Rh1 Nef6 29.
Bxg4 fxg4 30. Bxe5 dxe5 31. Nf2 g3 32. Nfd1 Nh5 33. Qe1 Bf5 34. Ne3 Bg6 35. Ne2
Rgf8 36. Nxg3 Rf3 37. Nxh5 Qxh5 38. Rh2 Raf8 39. Rg2 R8f4 40. d6 Be8 41. Rcc2
Bd7 42. Qc3 Rxh4 43. Qxe5+ Kg8 44. Rh2 Rxe3 45. Qd5+ Kf8 46. Rcf2+ Rf3 47. Rxh4
Qxh4 48. Rxf3+ exf3 49. Qxf3+ Ke8 50. Qa8+ Kf7 51. Qf3+ Kg8 52. Qd5+ Kf8 53.
Qf3+ Ke8 54. Qa8+ Kf7 55. Qf3+ 1/2-1/2

[Event "Sydney Open 2014"]
[Site "Sydney AUS"]
[Date "2014.04.27"]
[Round "9.10"]
[White "Hu, Xi"]
[Black "Morris, James"]
[Result "1-0"]
[BlackTitle "IM"]
[WhiteElo "2229"]
[BlackElo "2377"]
[WhiteFideId "8602557"]
[BlackFideId "3205800"]
[EventDate "2014.04.23"]

1. e4 c5 2. Nc3 Nc6 3. g3 d6 4. Bg2 h5 5. h3 Bd7 6. d3 g6 7. Be3 Bg7 8. Qd2 Rb8
9. Rb1 b5 10. a3 a5 11. Nf3 Qc8 12. Nd5 b4 13. axb4 axb4 14. h4 Nh6 15. d4 cxd4
16. Nxd4 Ng4 17. Nxc6 Bxc6 18. Bd4 e5 19. Be3 Bxd5 20. Qxd5 Nxe3 21. fxe3 O-O
22. O-O Qxc2 23. Rbc1 Qe2 24. Rc7 Rbc8 25. Rfxf7 Qxe3+ 26. Kh2 Rxc7 27. Rf3+ 1-0

[Event "Sydney Open 2014"]
[Site "Sydney AUS"]
[Date "2014.04.27"]
[Round "9.11"]
[White "Nakauchi, Gene"]
[Black "Lane, Gary W."]
[Result "0-1"]
[WhiteTitle "FM"]
[BlackTitle "IM"]
[WhiteElo "2213"]
[BlackElo "2362"]
[WhiteFideId "3200698"]
[BlackFideId "3203301"]
[EventDate "2014.04.23"]

1. d4 d5 2. c4 dxc4 3. e3 e5 4. Bxc4 exd4 5. exd4 Nf6 6. Nc3 Be7 7. Nf3 O-O 8.
O-O Nbd7 9. Bg5 Nb6 10. Bb3 c6 11. Re1 Nbd5 12. Nxd5 cxd5 13. Qd3 Be6 14. Bc2 g6
15. Bh6 Re8 16. Rxe6 fxe6 17. Ng5 Ne4 18. Nxe6 Qd6 19. Nf4 Bf8 20. Qh3 g5 21.
Nxd5 Qxh6 22. Qxh6 Bxh6 23. Bxe4 Bg7 24. Bf5 Rad8 25. Nc7 Re2 26. d5 Be5 27. Ne6
Rxd5 28. Bg4 Rxb2 29. Nxg5 Bxh2+ 30. Kxh2 Rxg5 31. f3 Kg7 32. Rc1 h5 33. Bh3 Kf6
34. a4 Rb4 35. Rc7 Rg7 36. Rc5 Rg5 37. Rc7 Kg6 38. Bd7 Kh6 39. Bb5 Rb2 40. Bf1
Rb4 41. Rd7 Rg7 42. Rd6+ Rg6 43. Rd7 Rh4+ 44. Kg1 Rxa4 45. Rxb7 Rb6 46. Re7 Ra1
47. Kf2 Rb2+ 48. Be2 Raa2 49. f4 a5 50. Kf3 Ra3+ 51. Kf2 a4 52. Re5 Raa2 53.
Rxh5+ Kg6 54. f5+ Kf6 55. g4 Rxe2+ 56. Kg3 Rg2+ 57. Kf4 Raf2+ 58. Ke3 Rh2 59.
Rh6+ Rxh6 60. Kxf2 a3 0-1

[Event "Sydney Open 2014"]
[Site "Sydney AUS"]
[Date "2014.04.27"]
[Round "9.12"]
[White "Dive, Russell John"]
[Black "Zulfic, Fedja"]
[Result "1-0"]
[WhiteTitle "IM"]
[WhiteElo "2357"]
[BlackElo "2192"]
[WhiteFideId "4300106"]
[BlackFideId "3208427"]
[EventDate "2014.04.23"]

1. c4 Nf6 2. g3 g6 3. Bg2 d5 4. cxd5 Nxd5 5. Qb3 c6 6. Nc3 Nf6 7. Nf3 Bg7 8. d4
Na6 9. O-O O-O 10. Rd1 Qb6 11. Qxb6 axb6 12. e4 b5 13. e5 Ne8 14. d5 Bg4 15. Bf4
Nc5 16. h3 b4 17. hxg4 bxc3 18. bxc3 cxd5 19. Rxd5 Ne4 20. Rd7 Nxc3 21. Rxe7
Rxa2 22. Rxa2 Nxa2 23. g5 Nc3 24. Nd4 Bh8 25. Rxb7 Ng7 26. Bd2 Na4 27. Bb4 1-0